000 00888nam a2200217 u 4500
001 000020958
005 20250621074006.0
008 100825s1982 dr r 000 0 spa d
040 _aDO-SdBNP
_bspa
_cBNPHU
082 _a324.6097293
_bC196o
100 1 _aCampillo Pérez, Julio G.
_931026
245 1 0 _aOrigen y evolución de la Junta Central Electoral /
_cJulio G. Campillo Pérez ; presentación Manuel Rafael García Lizardo.
260 _aSanto Domingo :
_bJCE,
_c1982.
300 _a386 P. ; :
_bil., retrs. ;
_c21 cm.
590 _aInventariado, 2020/MFF
610 1 4 _aREPÚBLICA DOMINICANA. JUNTA CENTRAL ELECTORAL
_bJUNTA CENTRAL ELECTORAL
_xHISTORIA
_943895
651 0 _aRepública Dominicana
_xPolítica y gobierno
_945
700 1 _aGarcía Lizardo, Manuel Rafae
_943896
710 1 _aRepública Dominicana.
_b Junta Central Electoral
_964605
910 _aInventariado, 2020/MFF
999 _c20461
_d20461